Statistics for Nas Albums quiz

Click here to take the quiz!

General Stats

  • This quiz has been taken 535 times
  • The average score is 8 of 13

Answer Stats

Year Album % Correct
1994Illmatic
99%
2001Stillmatic
93%
1996It Was Written
75%
2002God's Son
64%
2006Hip Hop is Dead
63%
1999Nastradamus
62%
1999I Am...
62%
2012Life Is Good
56%
2008Untitled
52%
2010 - with Damian MarleyDistant Relatives
44%
2002 - compilation albumThe Lost Tapes
41%
2004Street's Disciple
40%
1997 - with The FirmThe Firm: The Album
38%

Score Distribution

Percentile by Number Answered

Percent of People with Each Score

Your Score History

You have not taken this quiz